| 000 | 00346nam a2200133Ia 4500 | ||
|---|---|---|---|
| 008 | 220204s9999 xx 000 0 und d | ||
| 020 | _a0850364469 | ||
| 082 |
_a338.439.63:053.3 _bTHO |
||
| 100 | _aThompson, E P | ||
| 245 | 0 | _aPoverty of theory : or an orrery of errors | |
| 260 |
_aLondon _bMerlin Press _c1995 |
||
| 300 | _a303p. | ||
| 942 | _cBK | ||
| 999 |
_c41360 _d41360 |
||